Modern NMR spectroscopy : a guide for chemists (Record no. 77447)
[ view plain ]
| 000 -LEADER | |
|---|---|
| fixed length control field | 00624nam a22002057a 4500 |
| 005 - DATE AND TIME OF LATEST TRANSACTION | |
| control field | 20230628073027.0 |
| 008 - FIXED-LENGTH DATA ELEMENTS--GENERAL INFORMATION | |
| fixed length control field | 230427b |||||||| |||| 00| 0 eng d |
| 020 ## - INTERNATIONAL STANDARD BOOK NUMBER | |
| International Standard Book Number | 9780198555674 |
| Qualifying information | Paperback |
| 040 ## - CATALOGING SOURCE | |
| Original cataloging agency | CBULib |
| Transcribing agency | CBULib |
| 041 ## - LANGUAGE CODE | |
| Language code of text/sound track or separate title | eng |
| 050 ## - LIBRARY OF CONGRESS CALL NUMBER | |
| Classification number | QD 96.N8 San |
| 100 ## - MAIN ENTRY--PERSONAL NAME | |
| Personal name | Sander, Jeremy K. M. |
| 245 ## - TITLE STATEMENT | |
| Title | Modern NMR spectroscopy : a guide for chemists |
| Statement of responsibility, etc. | / by Jeremy K.M. Sanders |
| 250 ## - EDITION STATEMENT | |
| Edition statement | Second Edition |
| 260 ## - PUBLICATION, DISTRIBUTION, ETC. | |
| Place of publication, distribution, etc. | New York, |
| Name of publisher, distributor, etc. | Oxford University, |
| Date of publication, distribution, etc. | 1993 |
| 300 ## - PHYSICAL DESCRIPTION | |
| Extent | xiv, 314 pages : illustrations |
| 650 ## - SUBJECT ADDED ENTRY--TOPICAL TERM | |
| Topical term or geographic name entry element | NUCLEAR MAGNETIC RESONANCE SPECTROSCOPY |
| 700 ## - ADDED ENTRY--PERSONAL NAME | |
| Personal name | Hunter, Brian K. |
| 942 ## - ADDED ENTRY ELEMENTS (KOHA) | |
| Koha item type | MONOGRAPH |
| 999 ## - | |
| -- | 77447 |
| -- | 77447 |
| Withdrawn status | Lost status | Source of classification or shelving scheme | Damaged status | Not for loan | Collection code | Permanent Location | Current Location | Shelving location | Date acquired | Source of acquisition | Cost, normal purchase price | Total Checkouts | Full call number | Barcode | Date last seen | Copy number | Cost, replacement price | Price effective from | Koha item type |
|---|---|---|---|---|---|---|---|---|---|---|---|---|---|---|---|---|---|---|---|
| Main Library Open Access Collection | CBU-MAIN LIBRARY, KITWE. | CBU-MAIN LIBRARY, KITWE. | General Stacks | 04/27/2023 | DON-BOOKAID | 80.18 | QD 96.N8 San | 752041 | 04/27/2023 | 1 | 96.22 | 04/27/2023 | MONOGRAPH |